Appellation des Vins de Corse - Statistiques

Statistiques générales
  • Ce quiz a été pris 66 fois
  • Le résultat moyen est 5 sur 9
Statistiques - réponses
Hint Réponse % Correct
Blanc, Rouge et rosé Patrimonio
95%
Blanc, Rouge et rosé Ajaccio
69%
Blanc, Rouge et rosé Sartène
60%
Blanc, Rouge et rosé Calvi
57%
Blanc, Rouge et rosé Porto-Vecchio
48%
Moelleux Muscat du Cap Corse
45%
Blanc, Rouge et rosé Figari
43%
Blanc, Rouge et rosé Coteaux du Cap Corse
36%
Blanc, Rouge et rosé AOP Vin de Corse
10%
Aucun quiz correspondant
Distribution des résultats
% des personnes avec chaque résultat
Percentile par nombre de réponses
Votre historique - résultats
Vous n’avez pas pris ce quiz